000 00738cam a2200205 a 4500
020 _a0875185819
040 _cDLC
082 0 0 _a305 MAX 1994 A019 Or.
_aB
100 1 _aWhitelaw, Nancy.
245 1 0 _aMargaret Sanger :
_b"every child a wanted child" /
250 _a1st ed.
260 _aNew York :
_bDillon Press ;
_aToronto :
_bMaxwell Macmillan Canada ;
_aNew York :
_bMaxwell Macmillan International,
_cc1994.
300 _a160 p. :
_bill. ;
_c24 cm.
520 _aA biography of Margaret Sanger, the indomitable fighter for birth control and a feminist who asked women to take responsibility for their freedom.
650 0 _aFeminists
650 0 _aBirth control
650 1 _aFeminists.
650 1 _aBirth control
942 _cEK
999 _c12406
_d12406